| 000 | 005520000a22001090004500 | ||
|---|---|---|---|
| 100 | 1 | _aCala, Felipe | |
| 245 | 1 | 0 | _a¿Arte o beneficiencia? |
| 300 | _aVol.0, núm.22 (Julio, 2007), Páginas 28-29 | ||
| 520 | _aOrganizaciones de apoyo a las familias de los soldados, programas contra las minas personales, corporaciones para recaudar fondos para víctimas del conflicto armado son solo algunas de las instituciones que han recurrido a los artistas para promocionar sus causas sociales. | ||
| 773 | 0 | _tArcadia / Andrés Felipe Solano, Editor | |
| 942 | _cANA | ||
| 999 |
_c62278 _d62278 |
||